- Weldon, Fay
Entry Personal Name
001 - CONTROL NUMBER
- control field: 153753
003 - CONTROL NUMBER IDENTIFIER
- control field: TR-AnTOB
005 - DATE AND TIME OF LATEST TRANSACTION
- control field: 20260417091639.0
008 - FIXED-LENGTH DATA ELEMENTS
- fixed length control field: 800213n| azannaabn |a aaa
010 ## - LIBRARY OF CONGRESS CONTROL NUMBER
- LC control number: n 50002441
035 ## - SYSTEM CONTROL NUMBER
- System control number: (OCoLC)oca00038085
040 ## - CATALOGING SOURCE
- Original cataloging agency: DLC
- Language of cataloging: eng
- Description conventions: rda
- Transcribing agency: DLC
- Modifying agency: DLC
- Modifying agency: OCl
- Modifying agency: DLC
- Modifying agency: OCoLC
- Modifying agency: DLC
- Modifying agency: WaU
- Modifying agency: DLC
- Modifying agency: TR-AnTOB
046 ## - SPECIAL CODED DATES
- Birth date: 1931-09-22
- Death date: 2023-01-04
- Source of date scheme: edtf
053 #0 - LC CLASSIFICATION NUMBER
- Classification number element--single number or beginning number of span: PR6073.E374
100 1# - HEADING--PERSONAL NAME
- Personal name: Weldon, Fay
370 ## - ASSOCIATED PLACE
- Place of birth: Alvechurch (England)
- Place of death: Northampton (England)
- Associated country: England
- Associated country: Great Britain
- Source of term: naf
372 ## - FIELD OF ACTIVITY
- Field of activity: English literature
- Source of term: lcsh
373 ## - ASSOCIATED GROUP
- Associated group: University of St. Andrews
- Source of term: naf
374 ## - OCCUPATION
- Occupation: Writers
- Source of term: lcdgt
377 ## - ASSOCIATED LANGUAGE
- Language code: eng
400 1# - SEE FROM TRACING--PERSONAL NAME
- Personal name: Uėldon, Fėĭ
400 1# - SEE FROM TRACING--PERSONAL NAME
- Personal name: Birkinshaw, Fay
400 1# - SEE FROM TRACING--PERSONAL NAME
- Personal name: Birkinshaw, Franklin
670 ## - SOURCE DATA FOUND
- Source citation: Her The fat woman's joke, 1967.
670 ## - SOURCE DATA FOUND
- Source citation: Her The fat woman's joke, 1986:
- Information found: CIP t.p. (Fay Weldon) data sheet (b. 1933)
670 ## - SOURCE DATA FOUND
- Source citation: Sestrichki, 1996:
- Information found: t.p. (Fėĭ Uėldon)
670 ## - SOURCE DATA FOUND
- Source citation: Fay Weldon, 1998:
- Information found: p. xi (b. Fay Birkinshaw in village of Alvechurch in Worcestershire, Eng. in 1931; m. Ronald Weldon; M.A. in economics and psychology, St. Andrews U.)
670 ## - SOURCE DATA FOUND
- Source citation: Info. converted from 678, 3 July 2015
- Information found: (M.A. (Economics); b. 9/22/31)
670 ## - SOURCE DATA FOUND
- Source citation: Washington post WWW site, viewed January 6, 2023
- Information found: (in obituary dated January 5, 2023: Fay Weldon, a British author who explored women's lives and relationships in novels such as "The Life and Loves of a She-Devil," died Jan. 4 in Northampton, England. She was 91. Ms. Weldon wrote more than 30 novels as well as short story collections, children's books, and television, radio and stage plays. She was born Franklin Birkinshaw in Alvechurch, Worcestershire, on Sept. 22, 1931)
688 ## - APPLICATION HISTORY NOTE
- Institution to which field applies: TR-AnTOB
- Application history note: GU 17.04.2026



